[Event "Mistrovstvi CR senioru nad 50 let"]
[Site "Pelcovo divadlo Rychnov nad Kn"]
[Date "2017.08.19"]
[Round "1"]
[White "Korinkova, Eva"]
[Black "Sabol, Marian"]
[Result "0-1"]
[WhiteElo "1851"]
[BlackElo "2342"]
[PlyCount "75"]
[EventDate "2017.08.19"]

1. e4 c5 2. Nc3 d6 3. f4 g6 4. Nf3 Bg7 5. Bb5+ Bd7 6. Bxd7+ Qxd7 7. O-O Nc6 8.
d3 e6 9. Rb1 Nge7 10. a3 O-O 11. Ne2 b6 12. Kh1 Rac8 13. Bd2 d5 14. e5 d4 15.
Qe1 Nd5 16. Ng3 Nce7 17. Ng5 Nf5 18. Nxf5 exf5 19. Rf3 h6 20. Nh3 c4 21. dxc4
Rxc4 22. Rd3 Qb5 23. Qg3 Nc7 24. c3 Ne6 25. Ng1 dxc3 26. Bxc3 Rxf4 27. Rbd1 Rg4
28. Qe3 Re4 29. Qf2 Qc5 30. Qd2 Qc6 31. Rd6 Qc4 32. Bb4 Rxe5 33. Rd7 Nc5 34.
Rxa7 Ne4 35. Qf4 g5 36. Qf3 Rfe8 37. Rad7 Qc2 38. Ne2 0-1

[Event "Mistrovstvi CR senioru nad 50 let"]
[Site "Pelcovo divadlo Rychnov nad Kn"]
[Date "2017.08.19"]
[Round "1"]
[White "Bartos, Jan"]
[Black "Vorackova, Jarmila"]
[Result "1-0"]
[WhiteElo "2222"]
[BlackElo "1828"]
[PlyCount "57"]
[EventDate "2017.08.19"]

1. d4 d5 2. c4 c6 3. e3 Nf6 4. Nc3 Bf5 5. cxd5 Nxd5 6. Nge2 e6 7. e4 Nxc3 8.
Nxc3 Bg6 9. Be3 Bb4 10. f3 Nd7 11. Be2 O-O 12. O-O Qa5 13. Qb3 Nf6 14. a3 Bxc3
15. bxc3 Qc7 16. Rab1 b6 17. g3 e5 18. Qb4 Rfe8 19. dxe5 Qxe5 20. Bf4 Qe6 21.
Bc4 Qh3 22. Rfd1 h6 23. Rd6 Bxe4 24. fxe4 Rxe4 25. Rxf6 Rxc4 26. Qxc4 gxf6 27.
Qxc6 Rd8 28. Qxf6 Rd3 29. Re1 1-0

[Event "Mistrovstvi CR senioru nad 50 let"]
[Site "Pelcovo divadlo Rychnov nad Kn"]
[Date "2017.08.19"]
[Round "1"]
[White "Barabas, Ales"]
[Black "Urban, Zdenek"]
[Result "0-1"]
[WhiteElo "1788"]
[BlackElo "2163"]
[PlyCount "86"]
[EventDate "2017.08.19"]

1. Nf3 Nf6 2. g3 c5 3. Bg2 Nc6 4. O-O d5 5. d4 e6 6. b3 Qb6 7. e3 Be7 8. Ba3
O-O 9. c3 Rd8 10. Qe2 Bd6 11. Bb2 Bd7 12. dxc5 Bxc5 13. c4 Be7 14. Nbd2 Qa6 15.
Rfe1 Nb4 16. cxd5 Bb5 17. Nc4 exd5 18. a3 Nc6 19. a4 Bxc4 20. bxc4 dxc4 21. Nd4
Nxd4 22. Bxd4 Rac8 23. Rec1 Rc7 24. Bf1 Rdc8 25. Bh3 Nd7 26. Bf1 Qe6 27. a5 Bf6
28. Ra4 Bxd4 29. exd4 b5 30. axb6 Nxb6 31. Ra6 g6 32. Qa2 Qd7 33. Qd2 c3 34.
Qd3 Rc4 35. d5 Nxd5 36. Qxc4 Rxc4 37. Bxc4 Nb4 38. Ra3 c2 39. Rf3 Qd1+ 40. Kg2
Qxc1 41. Rxf7 Qb2 42. Rxa7+ Kh8 43. Ra8+ Kg7 0-1

[Event "Mistrovstvi CR senioru nad 50 let"]
[Site "Pelcovo divadlo Rychnov nad Kn"]
[Date "2017.08.19"]
[Round "1"]
[White "Kozak, Milos"]
[Black "Plachetka, Milan"]
[Result "1-0"]
[WhiteElo "2121"]
[BlackElo "1686"]
[PlyCount "149"]
[EventDate "2017.08.19"]

1. d4 Nf6 2. c4 e6 3. g3 d5 4. Nf3 Nc6 5. Bg2 dxc4 6. O-O Be7 7. Qa4 O-O 8.
Qxc4 Qd5 9. Qxd5 exd5 10. Bf4 Nb4 11. Nc3 c5 12. dxc5 Bxc5 13. Rac1 Be6 14. a3
Nc6 15. Na4 Be7 16. Nc5 Bxc5 17. Rxc5 Ne4 18. Rcc1 h6 19. Be3 Rfd8 20. Nd4 Nxd4
21. Bxd4 Nd2 22. Rfd1 Nb3 23. Rc3 Nxd4 24. Rxd4 Rd7 25. f4 Rad8 26. Bf3 g6 27.
g4 f5 28. h3 Kf7 29. Kf2 Kf6 30. Rc1 a6 31. Rc3 Re8 32. Rb3 Rc8 33. Rb6 Rc6 34.
Rxc6 bxc6 35. Ra4 Ra7 36. Ra5 Bd7 37. Ke3 Ke7 38. Kd4 Kd6 39. e3 Bc8 40. b4 Be6
41. Be2 Bc8 42. Rc5 Rc7 43. Bf3 Be6 44. Ra5 Ra7 45. Be2 Bc8 46. gxf5 gxf5 47.
h4 Ra8 48. Rc5 Ra7 49. Bf3 Be6 50. Rc2 Rg7 51. Rg2 Rxg2 52. Bxg2 Bc8 53. Bf1
Bb7 54. Be2 Bc8 55. Bd3 a5 56. bxa5 c5+ 57. Kc3 Kc6 58. Be2 Be6 59. a4 Bc8 60.
Bb5+ Kb7 61. Kd3 Be6 62. Ke2 Bc8 63. Kf3 Be6 64. Ke2 Bc8 65. Kd2 Be6 66. Kc3
Bc8 67. Be2 Ka7 68. Bh5 Ka6 69. Bf7 Kxa5 70. Bxd5 Kxa4 71. Kc4 Ba6+ 72. Kxc5
Be2 73. Be6 Bd3 74. Kd4 Be4 75. Ke5 1-0

[Event "Mistrovstvi CR senioru nad 50 let"]
[Site "Pelcovo divadlo Rychnov nad Kn"]
[Date "2017.08.19"]
[Round "1"]
[White "Volfova, Milena"]
[Black "Fiedler, Bedrich"]
[Result "0-1"]
[WhiteElo "1556"]
[BlackElo "2100"]
[PlyCount "84"]
[EventDate "2017.08.19"]

1. e4 c5 2. Nf3 d6 3. Nc3 Nc6 4. h3 g6 5. Bb5 Bg7 6. O-O Bd7 7. d3 Nf6 8. Ne2
O-O 9. Bxc6 Bxc6 10. c3 b5 11. Ng3 Qc7 12. Bg5 h6 13. Bxf6 Bxf6 14. Re1 a5 15.
d4 Bb7 16. d5 Bg7 17. Qd2 e5 18. b3 Bc8 19. Qe2 Rb8 20. Rab1 f5 21. exf5 gxf5
22. c4 b4 23. Nh5 Qf7 24. Nxg7 Qxg7 25. Kh1 Kh8 26. Rg1 Qf6 27. Nh2 Rb7 28. f3
Rg7 29. g4 Rfg8 30. Rbf1 Qh4 31. Qf2 Qxh3 32. Rg3 Qh4 33. Rfg1 f4 34. R3g2 Qxf2
35. Rxf2 h5 36. Rfg2 hxg4 37. Nxg4 Bxg4 38. Rh2+ Rh7 39. Rxg4 Rxg4 40. fxg4 e4
41. Kg1 Rxh2 42. Kxh2 Kg7 0-1

[Event "Mistrovstvi CR senioru nad 50 let"]
[Site "Pelcovo divadlo Rychnov nad Kn"]
[Date "2017.08.19"]
[Round "1"]
[White "Malinovsky, Petr"]
[Black "Vorel, Bohuslav"]
[Result "1-0"]
[WhiteElo "2057"]
[BlackElo "1535"]
[PlyCount "113"]
[EventDate "2017.08.19"]

1. d4 Nf6 2. c4 g6 3. f3 Bg7 4. e4 d6 5. Nc3 O-O 6. Be3 Nbd7 7. Qd2 c5 8. Nge2
b6 9. d5 Ba6 10. b3 Rb8 11. g3 b5 12. cxb5 Bxb5 13. Nxb5 Rxb5 14. Rc1 Ne5 15.
Bg2 Qa5 16. O-O Qxd2 17. Bxd2 Rfb8 18. Rc2 Nd3 19. Nc1 Nxc1 20. Rfxc1 Nd7 21.
Bf1 R5b7 22. f4 Bd4+ 23. Kg2 Nf6 24. Kf3 h5 25. h3 Kg7 26. Rc4 e6 27. dxe6 fxe6
28. Ra4 Nd7 29. Ra6 Nb6 30. b4 Nc8 31. Bc4 e5 32. Rc6 Re7 33. Ba6 Rb6 34. Rxb6
Nxb6 35. bxc5 Bxc5 36. Bb5 exf4 37. Bc3+ Kf8 38. gxf4 Rf7 39. a4 g5 40. f5 Nd5
41. exd5 Rxf5+ 42. Ke2 Rf2+ 43. Kd1 Rh2 44. Bf1 Rf2 45. Be2 Rh2 46. Bd2 Rxh3
47. Bxg5 Kg7 48. Rc4 Kg6 49. Bd8 Be3 50. Rh4 Rxh4 51. Bxh4 Bc5 52. Kc2 a5 53.
Kd3 Bb4 54. Ke4 Bc5 55. Bb5 Bb4 56. Be8+ Kh6 57. Kf5 1-0

[Event "Mistrovstvi CR senioru nad 50 let"]
[Site "Pelcovo divadlo Rychnov nad Kn"]
[Date "2017.08.19"]
[Round "1"]
[White "Kuda, Pavel"]
[Black "Petras, Milan"]
[Result "0-1"]
[WhiteElo "1406"]
[BlackElo "2020"]
[PlyCount "52"]
[EventDate "2017.08.19"]

1. e4 d5 2. exd5 Nf6 3. Bc4 Bg4 4. Nf3 Nxd5 5. h3 Bh5 6. Be2 c5 7. c4 Nf6 8.
Nc3 Nc6 9. Qa4 Qd7 10. d3 e6 11. Be3 Be7 12. O-O-O e5 13. g4 Bg6 14. g5 Nh5 15.
Nd5 O-O 16. Nxe7+ Qxe7 17. Nh4 Rfd8 18. Nxg6 hxg6 19. Qb5 Nd4 20. Bxd4 Rxd4 21.
h4 Nf4 22. Rd2 Rad8 23. Rhd1 e4 24. Qb3 Qd7 25. Kc2 Nxe2 26. Rxe2 exd3+ 0-1

[Event "Mistrovstvi CR senioru nad 50 let"]
[Site "?"]
[Date "2017.08.20"]
[Round "2"]
[White "Sabol, Marian"]
[Black "Malinovsky, Petr"]
[Result "1-0"]
[WhiteElo "2342"]
[BlackElo "2057"]
[PlyCount "53"]
[EventDate "2017.08.19"]

1. e4 c5 2. Nf3 e6 3. c3 Nf6 4. Bd3 Nc6 5. O-O e5 6. Re1 g6 7. Bf1 Bg7 8. d4 d6
9. dxc5 dxc5 10. Qxd8+ Kxd8 11. Na3 a6 12. Nc4 Re8 13. Nb6 Rb8 14. Bg5 h6 15.
Rad1+ Ke7 16. Nd5+ Ke6 17. Bc4 b5 18. Nxf6+ bxc4 19. Nxe8 hxg5 20. Nxg7+ Ke7
21. Rd5 Rxb2 22. Nxe5 Nxe5 23. Rxe5+ Kf6 24. Rxc5 Bd7 25. Rc7 Rd2 26. Rxc4 Kxg7
27. Rd4 1-0

[Event "Mistrovstvi CR senioru nad 50 let"]
[Site "?"]
[Date "2017.08.20"]
[Round "2"]
[White "Fiedler, Bedrich"]
[Black "Bartos, Jan"]
[Result "1/2-1/2"]
[WhiteElo "2100"]
[BlackElo "2222"]
[PlyCount "40"]
[EventDate "2017.08.19"]

1. c4 Nf6 2. g3 e6 3. Bg2 d5 4. Nf3 Be7 5. O-O O-O 6. d4 dxc4 7. Qa4 a6 8. Qxc4
b5 9. Qc2 Bb7 10. Bg5 Nbd7 11. Rd1 Rc8 12. Nc3 c5 13. Bxf6 Nxf6 14. dxc5 Qa5
15. Nd4 Bxg2 16. Kxg2 Bxc5 17. Nb3 Qb6 18. Nxc5 Qxc5 19. a3 Nd5 20. Rac1 Nxc3
1/2-1/2

[Event "Mistrovstvi CR senioru nad 50 let"]
[Site "?"]
[Date "2017.08.20"]
[Round "2"]
[White "Urban, Zdenek"]
[Black "Lorencova, Jitka"]
[Result "1-0"]
[WhiteElo "2163"]
[BlackElo "1391"]
[PlyCount "83"]
[EventDate "2017.08.19"]

1. d4 Nf6 2. c4 d6 3. Nf3 Nbd7 4. Nc3 c6 5. g3 g6 6. Bg2 Bg7 7. O-O O-O 8. Bf4
a6 9. a4 a5 10. Qc2 h6 11. Rad1 Ne8 12. e4 Nb8 13. Rfe1 Na6 14. Qc1 Kh7 15. e5
Nb4 16. h3 Nc7 17. g4 Ne6 18. Bg3 d5 19. cxd5 Nxd5 20. Nxd5 cxd5 21. Qe3 Qb6
22. Bf1 Bd7 23. b3 Rfc8 24. Rc1 Rc7 25. Rxc7 Qxc7 26. Rc1 Qb6 27. Be2 Rc8 28.
Rxc8 Bxc8 29. Qc3 Bd7 30. Bd3 Kg8 31. Bh4 Kf8 32. Kh2 Ke8 33. Bg3 Kd8 34. Kg2
Qc7 35. Qd2 Qb6 36. Bc2 Bc6 37. Bf4 Nxf4+ 38. Qxf4 Ke8 39. e6 fxe6 40. Bxg6+
Kd8 41. Qb8+ Kd7 42. Be8# 1-0

[Event "Mistrovstvi CR senioru nad 50 let"]
[Site "?"]
[Date "2017.08.20"]
[Round "2"]
[White "Plachetka, Milan"]
[Black "Korinkova, Eva"]
[Result "0-1"]
[WhiteElo "1686"]
[BlackElo "1851"]
[PlyCount "54"]
[EventDate "2017.08.19"]

1. e4 c5 2. Nf3 Nc6 3. d4 cxd4 4. Nxd4 Nf6 5. Nxc6 bxc6 6. Nc3 e6 7. Bc4 d5 8.
exd5 cxd5 9. Bb5+ Bd7 10. Bxd7+ Qxd7 11. O-O Bd6 12. Bg5 O-O 13. Bxf6 gxf6 14.
Qg4+ Kh8 15. Nxd5 Bxh2+ 16. Kxh2 Qxd5 17. f4 Rac8 18. Qe2 Rg8 19. c3 Rg6 20.
Rfd1 Rh6+ 21. Kg1 Qc5+ 22. Rd4 e5 23. fxe5 fxe5 24. Qe3 exd4 25. Qxh6 dxc3+ 26.
Kh1 Rc6 27. Qc1 Qb6 0-1

[Event "Mistrovstvi CR senioru nad 50 let"]
[Site "?"]
[Date "2017.08.20"]
[Round "2"]
[White "Vorackova, Jarmila"]
[Black "Volfova, Milena"]
[Result "1-0"]
[WhiteElo "1828"]
[BlackElo "1556"]
[PlyCount "85"]
[EventDate "2017.08.19"]

1. d4 d5 2. c4 dxc4 3. Nc3 Nf6 4. e3 e6 5. a3 Be7 6. Bxc4 O-O 7. Nf3 a6 8. O-O
b5 9. Ba2 Bb7 10. Ne5 Nbd7 11. f4 Nxe5 12. fxe5 Nd5 13. Nxd5 Bxd5 14. Bxd5 Qxd5
15. b4 a5 16. Bd2 axb4 17. axb4 Rxa1 18. Qxa1 Ra8 19. Qc3 Qb7 20. Rc1 Bd8 21.
Qd3 h6 22. e4 c6 23. Qg3 Kh7 24. Qc3 Rc8 25. Kf1 Rc7 26. Qd3 Qb8 27. d5 Rd7 28.
d6 Qa8 29. Qc2 Qa3 30. Ke2 Bg5 31. Bxg5 hxg5 32. Qd2 f6 33. Rxc6 fxe5 34. Qxg5
Qb2+ 35. Qd2 Qb1 36. Qd3 Qb2+ 37. Rc2 Qxb4 38. Qh3+ Kg8 39. Rc8+ Kf7 40. Qh5+
g6 41. Qh7+ Kf6 42. Rf8+ Kg5 43. h4+ 1-0

[Event "Mistrovstvi CR senioru nad 50 let"]
[Site "?"]
[Date "2017.08.20"]
[Round "2"]
[White "Vorel, Bohuslav"]
[Black "Barabas, Ales"]
[Result "1/2-1/2"]
[WhiteElo "1535"]
[BlackElo "1788"]
[Annotator "Martaska"]
[PlyCount "134"]
[EventDate "2017.08.19"]

1. e4 c5 2. Nf3 d6 3. d4 cxd4 4. Nxd4 Nf6 5. Nc3 a6 6. f3 e6 7. Be2 Be7 8. O-O
Nbd7 9. Nb3 O-O 10. Be3 b5 11. a3 Bb7 12. Qd2 Qc7 13. Bd3 Ne5 14. Ne2 Rac8 15.
Rac1 Rfd8 16. Qa5 Nfd7 17. Qxc7 Rxc7 18. Bd2 Nxd3 19. cxd3 Rxc1 20. Rxc1 Rc8
21. Rxc8+ Bxc8 22. d4 Nb6 23. Bc3 Na4 24. Na5 Bd7 25. Kf2 f5 26. b4 Bg5 27. Ba1
Kf7 28. Nb7 Be7 29. Na5 Nb6 30. Ke3 g5 31. Kd3 Nc4 32. Nxc4 bxc4+ 33. Kc3 d5
34. e5 h5 35. g3 Kg6 36. Bb2 Ba4 37. Kd2 Bf8 38. Nc3 Bd7 39. Ne2 Bh6 40. Kc3 f4
41. Bc1 Kf5 42. Bd2 Ba4 43. h3 fxg3 44. Nxg3+ Kg6 45. Ne2 Bd1 46. Ng1 Bf8 47.
Bc1 Be7 48. Kd2 Ba4 49. Ne2 Bd8 50. Nc3 g4 51. fxg4 Bg5+ 52. Ke1 Bxc1 53. gxh5+
Kxh5 54. Nxa4 Bxa3 55. Nc5 Bxb4+ 56. Kd1 a5 57. Nxe6 a4 58. Nf4+ Kg5 59. Nxd5
Bf8 60. Nc3 a3 61. Kc2 Kf5 62. Nb5 Bb4 63. h4 Kg4 64. Nxa3 Bxa3 65. Kc3 Kxh4
66. d5 Kg5 67. d6 Kf5 1/2-1/2

[Event "Mistrovstvi CR senioru nad 50 let"]
[Site "?"]
[Date "2017.08.21"]
[Round "3"]
[White "Urban, Zdenek"]
[Black "Sabol, Marian"]
[Result "1/2-1/2"]
[WhiteElo "2163"]
[BlackElo "2342"]
[PlyCount "49"]
[EventDate "2017.08.19"]

1. c4 e5 2. Nc3 Nf6 3. g3 d5 4. cxd5 Nxd5 5. Bg2 Nb6 6. Nf3 Nc6 7. O-O Be7 8.
d3 O-O 9. a4 a5 10. Be3 Be6 11. d4 exd4 12. Nxd4 Nxd4 13. Bxd4 c5 14. Be3 Nc4
15. Bf4 g5 16. Bc1 Qxd1 17. Rxd1 Rad8 18. Nd5 Bxd5 19. Rxd5 Nb6 20. Rd2 Nc4 21.
Rd5 h6 22. b3 Nb6 23. Rxd8 Rxd8 24. Be3 Nd5 25. Rd1 1/2-1/2

[Event "Mistrovstvi CR senioru nad 50 let"]
[Site "?"]
[Date "2017.08.21"]
[Round "3"]
[White "Bartos, Jan"]
[Black "Petras, Milan"]
[Result "1-0"]
[WhiteElo "2222"]
[BlackElo "2020"]
[PlyCount "131"]
[EventDate "2017.08.19"]

1. d4 Nf6 2. c4 g6 3. Nc3 Bg7 4. e4 d6 5. f3 O-O 6. Be3 e5 7. Nge2 c6 8. Qd2 a6
9. dxe5 dxe5 10. Qxd8 Rxd8 11. Na4 Nbd7 12. O-O-O b5 13. Nb6 Rb8 14. Nxc8 Rdxc8
15. cxb5 cxb5+ 16. Kb1 Rc6 17. Nc3 Bf8 18. Nd5 Kg7 19. Nxf6 Nxf6 20. Be2 Re6
21. Rc1 Ne8 22. Rhd1 f5 23. Rd7+ Re7 24. Rxe7+ Bxe7 25. exf5 gxf5 26. Rc6 f4
27. Bd2 Ra8 28. Bc3 Bf6 29. Kc2 Ra7 30. Ba5 Kf8 31. Kb3 Ke7 32. Bd3 Kd7 33. Rb6
Nd6 34. Bb4 Be7 35. Rb8 a5 36. Bc3 a4+ 37. Kc2 a3 38. Bxe5 Rc7+ 39. Kb1 axb2
40. Kxb2 Ke6 41. Bxd6 Bxd6 42. Rxb5 Be5+ 43. Kb1 Rg7 44. Bf1 Rd7 45. Bc4+ Kf6
46. Kc2 Rc7 47. Kb3 Rd7 48. Bd5 Rc7 49. Rb6+ Kg5 50. Be4 h5 51. a4 Ra7 52. Kb4
Kh4 53. Kb5 Bc3 54. Ra6 Rg7 55. Rg6 Ra7 56. g3+ fxg3 57. hxg3+ Kh3 58. Rh6 Kxg3
59. Rxh5 Ra5+ 60. Kc4 Rxh5 61. Kxc3 Kf4 62. Kb4 Ke5 63. a5 Kd6 64. a6 Rh2 65.
a7 Rb2+ 66. Kc3 1-0

[Event "Mistrovstvi CR senioru nad 50 let"]
[Site "?"]
[Date "2017.08.21"]
[Round "3"]
[White "Kozak, Milos"]
[Black "Fiedler, Bedrich"]
[Result "1/2-1/2"]
[WhiteElo "2121"]
[BlackElo "2100"]
[PlyCount "34"]
[EventDate "2017.08.19"]

1. d4 Nf6 2. c4 e6 3. Nf3 Bb4+ 4. Bd2 Qe7 5. g3 Nc6 6. Nc3 Bxc3 7. Bxc3 Ne4 8.
Rc1 O-O 9. Bg2 a5 10. O-O Nxc3 11. Rxc3 d6 12. d5 Nb8 13. dxe6 fxe6 14. Nd4 c6
15. e4 e5 16. Nc2 Na6 17. Ra3 Be6 1/2-1/2

[Event "Mistrovstvi CR senioru nad 50 let"]
[Site "?"]
[Date "2017.08.21"]
[Round "3"]
[White "Malinovsky, Petr"]
[Black "Kuda, Pavel"]
[Result "1-0"]
[WhiteElo "2057"]
[BlackElo "1406"]
[PlyCount "47"]
[EventDate "2017.08.19"]

1. d4 d5 2. c4 e6 3. Nc3 Nf6 4. cxd5 exd5 5. Bg5 Be7 6. e3 O-O 7. Bd3 Nbd7 8.
Nge2 c6 9. O-O Ne4 10. Bxe7 Qxe7 11. Qc2 Ndf6 12. Rae1 Bf5 13. f3 Nxc3 14. Nxc3
Bxd3 15. Qxd3 Rae8 16. e4 dxe4 17. fxe4 Qb4 18. e5 Nd7 19. Ne4 Re6 20. Re2 Qb6
21. Ref2 Rd8 22. Ng5 Nxe5 23. Qxh7+ Kf8 24. Rxf7+ 1-0

[Event "Mistrovstvi CR senioru nad 50 let"]
[Site "?"]
[Date "2017.08.21"]
[Round "3"]
[White "Lorencova, Jitka"]
[Black "Vorackova, Jarmila"]
[Result "0-1"]
[WhiteElo "1391"]
[BlackElo "1828"]
[PlyCount "102"]
[EventDate "2017.08.19"]

1. e4 c6 2. d4 d5 3. exd5 cxd5 4. Bd3 Nc6 5. c3 Nf6 6. Bg5 e6 7. Nf3 Be7 8. Bd2
a6 9. O-O O-O 10. Qc2 b5 11. a3 Bb7 12. h3 Rc8 13. Bf4 Qb6 14. Nbd2 a5 15. Qd1
b4 16. a4 bxc3 17. bxc3 Ba6 18. Rb1 Qa7 19. Bxa6 Qxa6 20. Qc2 Nb4 21. Qb3 Nd3
22. Bh2 Qc6 23. Qb7 Rfe8 24. Qxc6 Rxc6 25. Nb3 Bd8 26. Nc5 Nxc5 27. dxc5 Rxc5
28. Rfc1 Ne4 29. Be5 f6 30. Bd4 Rc4 31. Rb3 e5 32. Be3 f5 33. Rb5 Nxc3 34. Rxc3
Rxc3 35. Rxd5 Bc7 36. Bd2 Ra3 37. Bxa5 Ra1+ 38. Kh2 Bb8 39. g3 Rxa4 40. Kg2 h6
41. Rb5 Ra2 42. Rd5 Kf7 43. Rb5 g6 44. Rb7+ Re7 45. Rb5 e4 46. Nd4 Ba7 47. Bb6
Bxb6 48. Rxb6 e3 49. Nc6 Rxf2+ 50. Kg1 e2 51. Nxe7 e1=Q# 0-1

[Event "Mistrovstvi CR senioru nad 50 let"]
[Site "?"]
[Date "2017.08.21"]
[Round "3"]
[White "Korinkova, Eva"]
[Black "Vorel, Bohuslav"]
[Result "1-0"]
[WhiteElo "1851"]
[BlackElo "1535"]
[PlyCount "53"]
[EventDate "2017.08.19"]

1. e4 c5 2. Nf3 d6 3. d4 cxd4 4. Nxd4 Nf6 5. Nc3 g6 6. g3 Bg7 7. Bg2 O-O 8. O-O
Nc6 9. Nde2 a6 10. a4 Qc7 11. Nd5 Nxd5 12. exd5 Ne5 13. c3 Bf5 14. Nd4 Bd7 15.
Re1 Rfe8 16. h3 Nc4 17. Qd3 Nb6 18. b3 e5 19. dxe6 fxe6 20. Ba3 e5 21. Ne2 Rad8
22. Qxd6 Qxd6 23. Bxd6 Bxh3 24. Bc7 Bxg2 25. Kxg2 Rd3 26. Bxb6 Re6 27. Nf4 1-0

[Event "Mistrovstvi CR senioru nad 50 let"]
[Site "?"]
[Date "2017.08.21"]
[Round "3"]
[White "Barabas, Ales"]
[Black "Plachetka, Milan"]
[Result "1-0"]
[WhiteElo "1788"]
[BlackElo "1686"]
[PlyCount "123"]
[EventDate "2017.08.19"]

1. Nf3 Nf6 2. g3 e6 3. Bg2 d5 4. O-O Nc6 5. d4 Be7 6. b3 O-O 7. Ba3 a6 8. c3
Bxa3 9. Nxa3 Ne4 10. Qd3 f5 11. Nd2 Qe7 12. Nc2 Bd7 13. f3 Ng5 14. h4 Nf7 15.
f4 Nd6 16. Nf3 h6 17. Ne5 Nxe5 18. fxe5 Ne4 19. Bxe4 fxe4 20. Qe3 b6 21. Rxf8+
Rxf8 22. Rf1 Rf5 23. Rxf5 exf5 24. Nb4 c6 25. Nxa6 Bc8 26. Nb4 Qe6 27. Nc2 Qg6
28. Nb4 Bb7 29. c4 dxc4 30. bxc4 c5 31. dxc5 bxc5 32. Nd5 Qe6 33. Qxc5 Kh7 34.
Nf4 Qd7 35. Qd6 Qa4 36. Qb6 Ba6 37. Qb3 Qc6 38. e6 Bxc4 39. Qc3 Qb6+ 40. Kg2
Bxa2 41. Qe5 Qc6 42. Qxf5+ Kg8 43. Qf7+ Kh7 44. Qf5+ Kg8 45. e7 e3+ 46. Kh2 Bf7
47. Qd3 Be8 48. Qxe3 Qb5 49. Ne6 Qd7 50. Nc5 Qa7 51. Qe5 Qb6 52. Qe6+ Qxe6 53.
Nxe6 Kf7 54. Nc7 Kxe7 55. Nxe8 Kxe8 56. g4 Kf7 57. Kg3 Kf6 58. Kf4 g5+ 59.
hxg5+ hxg5+ 60. Ke4 Ke6 61. e3 Kf6 62. Kd5 1-0

[Event "Mistrovstvi CR senioru nad 50 let"]
[Site "?"]
[Date "2017.08.21"]
[Round "3"]
[White "Volfova, Milena"]
[Black "Hanzlik, Zdenek"]
[Result "1-0"]
[WhiteElo "1556"]
[BlackElo "1000"]
[PlyCount "57"]
[EventDate "2017.08.19"]

1. e4 b6 2. Nf3 Bb7 3. Nc3 e6 4. d3 c5 5. Be2 Nc6 6. O-O d6 7. h3 Nf6 8. Nh2
Be7 9. f4 a6 10. Ng4 Qc7 11. f5 e5 12. Nxf6+ Bxf6 13. Nd5 Qd8 14. c3 Na7 15.
Ne3 b5 16. Bh5 Qe7 17. Qb3 O-O 18. Rf3 Rac8 19. Ng4 c4 20. Qc2 cxd3 21. Qxd3
Rc4 22. Nf2 Bg5 23. Be3 Bxe3 24. Qxe3 Nc8 25. f6 gxf6 26. Qh6 Kh8 27. Rxf6 Bxe4
28. Nxe4 Rxe4 29. Bg6 1-0

[Event "Mistrovstvi CR senioru nad 50 let"]
[Site "?"]
[Date "2017.08.22"]
[Round "4"]
[White "Sabol, Marian"]
[Black "Bartos, Jan"]
[Result "1-0"]
[WhiteElo "2342"]
[BlackElo "2222"]
[PlyCount "105"]
[EventDate "2017.08.19"]

1. b3 b6 2. Bb2 Bb7 3. f4 e6 4. e3 Nf6 5. Nf3 Be7 6. g3 O-O 7. Bg2 c5 8. O-O d5
9. Ne5 Nfd7 10. d4 f6 11. Nd3 Nc6 12. f5 Re8 13. fxe6 Nf8 14. Nf4 Nb4 15. a3
Na6 16. c4 Nc7 17. Nc3 Nfxe6 18. Nxe6 Nxe6 19. Nxd5 Rb8 20. Re1 Bf8 21. Re2 Qd7
22. Qf1 cxd4 23. exd4 Ng5 24. h4 Rxe2 25. Qxe2 Re8 26. Qf1 Ne4 27. Re1 Bxd5 28.
cxd5 Qxd5 29. Qc4 Qxc4 30. bxc4 f5 31. g4 Rc8 32. gxf5 Nf6 33. Re6 Kf7 34. Rc6
Rxc6 35. Bxc6 Be7 36. Kg2 Nh5 37. Kf3 g6 38. Bd5+ Kf8 39. fxg6 hxg6 40. a4 Bxh4
41. c5 Nf6 42. Bc6 Ne8 43. Bxe8 Kxe8 44. c6 Bf6 45. Ke4 Kd8 46. Bc1 Kc7 47. d5
Be7 48. Ke5 a6 49. Ke6 Bd6 50. a5 Bg3 51. axb6+ Kxb6 52. Kd7 Kc5 53. d6 1-0

[Event "Mistrovstvi CR senioru nad 50 let"]
[Site "?"]
[Date "2017.08.22"]
[Round "4"]
[White "Kozak, Milos"]
[Black "Urban, Zdenek"]
[Result "1/2-1/2"]
[WhiteElo "2121"]
[BlackElo "2163"]
[PlyCount "47"]
[EventDate "2017.08.19"]

1. d4 Nf6 2. c4 d6 3. Nf3 Nbd7 4. Nc3 c6 5. g3 e5 6. Bg2 Be7 7. e4 a6 8. h3 O-O
9. O-O Re8 10. Be3 Bf8 11. d5 cxd5 12. cxd5 b5 13. Nd2 Nb6 14. a4 bxa4 15. Nxa4
Nxa4 16. Qxa4 Bd7 17. Qa3 Qb8 18. Nc4 Bb5 19. Rfc1 Nd7 20. Na5 Rc8 21. Rxc8
Qxc8 22. Rc1 Qb8 23. Qc3 Nc5 24. b4 1/2-1/2

[Event "Mistrovstvi CR senioru nad 50 let"]
[Site "?"]
[Date "2017.08.22"]
[Round "4"]
[White "Fiedler, Bedrich"]
[Black "Korinkova, Eva"]
[Result "1-0"]
[WhiteElo "2100"]
[BlackElo "1851"]
[PlyCount "57"]
[EventDate "2017.08.19"]

1. c4 Nf6 2. d4 g6 3. Nc3 Bg7 4. e4 d6 5. Nf3 O-O 6. Be2 Bg4 7. Be3 Nfd7 8. O-O
c5 9. d5 Na6 10. h3 Bxf3 11. Bxf3 Qa5 12. Qc2 Nc7 13. Be2 Rab8 14. a3 a6 15. a4
Na8 16. Kh1 Rfc8 17. f4 Qd8 18. Bd3 Nc7 19. Ra3 e6 20. Raa1 Qe8 21. Rae1 b5 22.
axb5 axb5 23. dxe6 fxe6 24. Nxb5 Nxb5 25. cxb5 Nb6 26. b3 Qd7 27. f5 exf5 28.
exf5 Nd5 29. Bc4 1-0

[Event "Mistrovstvi CR senioru nad 50 let"]
[Site "?"]
[Date "2017.08.22"]
[Round "4"]
[White "Vorackova, Jarmila"]
[Black "Malinovsky, Petr"]
[Result "1/2-1/2"]
[WhiteElo "1828"]
[BlackElo "2057"]
[PlyCount "111"]
[EventDate "2017.08.19"]

1. d4 d5 2. c4 e6 3. Nc3 c6 4. Nf3 dxc4 5. e4 b5 6. a4 Bb4 7. Bd2 a5 8. Qc2 Nf6
9. axb5 Bxc3 10. Bxc3 cxb5 11. b3 Bb7 12. bxc4 Bxe4 13. Bd3 Bxd3 14. Qxd3 bxc4
15. Qxc4 O-O 16. Qb5 a4 17. Rxa4 Rxa4 18. Qxa4 Qc7 19. Bb2 Qb7 20. Qa3 Nc6 21.
O-O Ra8 22. Qc3 Nd5 23. Qc2 h6 24. Bc3 Rc8 25. Qd2 Nxc3 26. Qxc3 Ne5 27. Qe3
Nxf3+ 28. Qxf3 Qxf3 29. gxf3 Rc3 30. Rd1 Rxf3 31. d5 exd5 32. Rxd5 g6 33. Kg2
Ra3 34. Rd7 Kg7 35. f3 g5 36. Rd4 Kg6 37. h4 f6 38. hxg5 fxg5 39. Rd6+ Kh5 40.
Rb6 Ra4 41. Rc6 Rf4 42. Ra6 Rf7 43. Kg3 Rg7 44. f4 Rf7 45. fxg5 hxg5 46. Ra8
Rb7 47. Rh8+ Kg6 48. Rg8+ Kh6 49. Rh8+ Kg7 50. Ra8 Rb6 51. Kg4 Kg6 52. Rg8+ Kh6
53. Rh8+ Kg7 54. Ra8 Rb5 55. Ra7+ Kf6 56. Ra6+ 1/2-1/2

[Event "Mistrovstvi CR senioru nad 50 let"]
[Site "?"]
[Date "2017.08.22"]
[Round "4"]
[White "Petras, Milan"]
[Black "Barabas, Ales"]
[Result "1-0"]
[WhiteElo "2020"]
[BlackElo "1788"]
[PlyCount "83"]
[EventDate "2017.08.19"]

1. e4 c5 2. Nc3 d6 3. Bc4 e6 4. d3 a6 5. a4 Nf6 6. Bb3 Nc6 7. Nf3 Be7 8. h3 Nd4
9. Nxd4 cxd4 10. Ne2 e5 11. O-O Be6 12. c4 Nd7 13. a5 O-O 14. g4 Rb8 15. f4 f6
16. Bd2 Bf7 17. Rf3 b5 18. axb6 Qxb6 19. Ba4 Nc5 20. b4 Ne6 21. Kh2 h6 22. f5
Nd8 23. Ng3 Nb7 24. Rb1 Qc7 25. Nh5 Kh7 26. Qe1 Rfc8 27. Qh4 Bxh5 28. Qxh5 Bf8
29. Rg1 Nd8 30. Be8 Rb7 31. h4 Nf7 32. Ba4 Kg8 33. g5 fxg5 34. hxg5 Nxg5 35.
Bxg5 Rxb4 36. Be8 Rxe8 37. Qxe8 hxg5 38. f6 gxf6 39. Rxg5+ fxg5 40. Rxf8+ Kg7
41. Rg8+ Kh7 42. Qg6# 1-0

[Event "Mistrovstvi CR senioru nad 50 let"]
[Site "?"]
[Date "2017.08.22"]
[Round "4"]
[White "Kuda, Pavel"]
[Black "Volfova, Milena"]
[Result "1/2-1/2"]
[WhiteElo "1406"]
[BlackElo "1556"]
[PlyCount "31"]
[EventDate "2017.08.19"]

1. e4 e5 2. Nc3 Nf6 3. f4 d6 4. fxe5 dxe5 5. Nf3 Bg4 6. Be2 Bxf3 7. Bxf3 Nc6 8.
d3 h6 9. Be3 Be7 10. Ne2 O-O 11. Qd2 Nh7 12. Ng3 Bg5 13. c3 Bxe3 14. Qxe3 Ng5
15. Be2 Ne6 16. h4 1/2-1/2